01159nam a22002417a 4500008004100000020001800041082002000059100003000079245008800109260004700197300001100244337001100255338001400266339001200280440002400292500014300316505024800459650003100707650003600738942001200774952011400786999001700900150527b2012 mx ||||| |||| 00| 0 spa d a9786074623789 a321.80972 W831h aWoldenberg, Joséeautor aHistoria mínima de la transición democrática en Méxicoc/ José Woldenberg aMéxicob: El Colegio de Méxicoc, 2012 a150 p. atexto  asin medio avolumen a(historia mínima) aReimpresiónes: 2a. del 2013. Imagen de portada : "El terible ángel de la liberetad", Rafael Cauduro. Incluye bibliografía p. 149-150 aLa reforma de 1977 y las primeras elecciones luego de ella. De la reforma de 1986 a la crisis del partido hegemónico. La construcción de las nuevas instituciones electorales. Violencia y política. Construyendo la equidad. La alternancia.14aDEMOCRACIAy1977zMÉXICO24aDEMOCRACIAy1996-1997zMÉXICO 2ddccLB 00102ddc4070a01b01d2015-05-27l1o321.80972 W831hp01 013425r2015-11-25s2015-11-25t1w2015-05-27yLB c96614d96614